[Event "15. Obert Int. Sant Martí 2013 - B"]
[Site "Barcelona ESP"]
[Date "2013.07.14"]
[Round "2.64"]
[White "Sanchez Paz, Josep"]
[Black "Freixa Rofastes, Ernest"]
[Result "1-0"]
[WhiteElo "1710"]
[BlackElo "1455"]
[PlyCount "123"]
[EventDate "2013.07.13"]
[EventType "swiss"]
[EventRounds "9"]
[EventCountry "ESP"]
[SourceTitle "Ajedrez en Madrid"]
[Source "lmi"]
[SourceDate "2013.07.13"]
[SourceVersion "1"]
[SourceVersionDate "2019.06.21"]
[SourceQuality "1"]

1. d4 Nf6 2. c4 g6 3. Nc3 Bg7 4. e4 d6 5. f4 e6 6. Be2 d5 7. e5 Ne4 8. Nxe4
dxe4 9. Be3 c6 10. Qc2 O-O 11. Qxe4 Nd7 12. Nf3 Rb8 13. O-O f5 14. Qc2 Re8 15.
Rad1 Nf8 16. Qb3 Qe7 17. d5 exd5 18. cxd5 cxd5 19. Qxd5+ Be6 20. Qa5 b6 21. Qa4
h6 22. Rd6 Red8 23. Rfd1 Rxd6 24. Rxd6 Kh7 25. Nd4 Re8 26. Bb5 Qh4 27. Bf2 Qxf4
28. Nxe6 Qxa4 29. Nxf8+ Rxf8 30. Bxa4 Bxe5 31. Rd7+ Kh8 32. Rxa7 Bxb2 33. Bxb6
Rc8 34. Rc7 Bd4+ 35. Kf1 Rxc7 36. Bxc7 Kg7 37. Bb3 Kf6 38. Ke2 h5 39. a4 g5 40.
a5 Ba7 41. Bb6 Bb8 42. a6 g4 43. a7 Bxa7 44. Bxa7 f4 45. Bb8 Kg5 46. Bc2 h4 47.
Bc7 h3 48. gxh3 gxh3 49. Kf3 Kh4 50. Kxf4 Kh5 51. Bf5 Kh4 52. Bd8+ Kh5 53. Bxh3
Kh6 54. Bg5+ Kg6 55. Bf5+ Kh5 56. Bg4+ Kg6 57. h4 Kh7 58. h5 Kg7 59. Bf5 Kg8
60. Bf6 Kf7 61. Ke5 Kg8 62. h6 1-0

[Event "15. Obert Int. Sant Martí 2013 - B"]
[Site "Barcelona ESP"]
[Date "2013.07.14"]
[Round "2.65"]
[White "Muratet Carmona, Alexandra"]
[Black "Navarro Pastor, Raul"]
[Result "1-0"]
[WhiteElo "1705"]
[BlackElo "1448"]
[PlyCount "123"]
[EventDate "2013.07.13"]
[EventType "swiss"]
[EventRounds "9"]
[EventCountry "ESP"]
[SourceTitle "Ajedrez en Madrid"]
[Source "lmi"]
[SourceDate "2013.07.13"]
[SourceVersion "1"]
[SourceVersionDate "2019.06.21"]
[SourceQuality "1"]

1. e4 e6 2. d4 d5 3. exd5 exd5 4. Bd3 Bd6 5. Ne2 c5 6. dxc5 Bxc5 7. Ng3 Nf6 8.
Qe2+ Be6 9. O-O Qb6 10. h3 O-O 11. Nh5 Nbd7 12. c3 Rfe8 13. Qf3 Nxh5 14. Qxh5
Nf6 15. Qh4 Ne4 16. b4 Bd6 17. Be3 Qc6 18. a4 Be7 19. Qh5 Nf6 20. Qf3 Qc7 21.
Bd4 Rab8 22. Nd2 Rec8 23. Rfe1 a5 24. Be5 Bd6 25. Bxf6 gxf6 26. Qxf6 Qxc3 27.
Qg5+ Qg7 28. Qxg7+ Kxg7 29. bxa5 Bb4 30. Red1 Bxa5 31. Nb3 Bb4 32. Rac1 Bc3 33.
Bb5 Kf6 34. Kf1 Bb2 35. Rxc8 Rxc8 36. Rd2 Ba3 37. Ke2 Kf5 38. Ra2 Bb4 39. Rb2
Ba3 40. Ra2 Bb4 41. Rb2 Bd6 42. g4+ Kf4 43. Nd4 Be5 44. Nxe6+ fxe6 45. Rb4+ Kg5
46. Bd7 Rc2+ 47. Kd3 Rxf2 48. Bxe6 Rf3+ 49. Ke2 Rxh3 50. Bxd5 Ra3 51. Bxb7 Kh4
52. Re4 Bc3 53. Bc8 Bf6 54. Bd7 Bd8 55. Re3 Rxa4 56. Bxa4 Kxg4 57. Bd7+ Kf4 58.
Rf3+ Kg5 59. Ke3 Bc7 60. Ke4 h5 61. Rf5+ Kg4 62. Rc5+ 1-0

[Event "15. Obert Int. Sant Martí 2013 - B"]
[Site "Barcelona ESP"]
[Date "2013.07.14"]
[Round "2.66"]
[White "Fungueirino Pique, Daniel"]
[Black "Mir Bellmunt, Jose"]
[Result "1/2-1/2"]
[WhiteElo "1694"]
[BlackElo "1442"]
[PlyCount "84"]
[EventDate "2013.07.13"]
[EventType "swiss"]
[EventRounds "9"]
[EventCountry "ESP"]
[SourceTitle "Ajedrez en Madrid"]
[Source "lmi"]
[SourceDate "2013.07.13"]
[SourceVersion "1"]
[SourceVersionDate "2019.06.21"]
[SourceQuality "1"]

1. d4 d5 2. Nf3 Nf6 3. Nbd2 Nc6 4. e3 a6 5. c3 Bg4 6. Be2 Bxf3 7. Bxf3 e6 8.
O-O Bd6 9. g3 Qd7 10. Qe2 O-O 11. e4 dxe4 12. Nxe4 Nxe4 13. Bxe4 Rab8 14. Bd2
Rfe8 15. Qh5 f5 16. Bd3 g6 17. Qh3 Ne7 18. Rae1 Nd5 19. c4 Nb4 20. Bb1 Nc6 21.
c5 Nxd4 22. cxd6 Nf3+ 23. Kh1 Nxd2 24. dxc7 Qxc7 25. Rc1 Qe5 26. Rfe1 Qd5+ 27.
Qg2 Nxb1 28. Qxd5 exd5 29. Rxe8+ Rxe8 30. Rxb1 d4 31. Rd1 Re2 32. Kg1 Rxb2 33.
Rxd4 b5 34. Rd7 Rxa2 35. Kg2 b4 36. Rb7 a5 37. Kf3 h6 38. Ke3 Rb2 39. Kd4 b3
40. Ke5 Rc2 41. Rxb3 Rxf2 42. Kf6 Kh7 1/2-1/2

[Event "15. Obert Int. Sant Martí 2013 - B"]
[Site "Barcelona ESP"]
[Date "2013.07.14"]
[Round "2.67"]
[White "Martin Palau, Roger"]
[Black "Fuertes Buisac, Bernat"]
[Result "0-1"]
[WhiteElo "1492"]
[BlackElo "1686"]
[PlyCount "64"]
[EventDate "2013.07.13"]
[EventType "swiss"]
[EventRounds "9"]
[EventCountry "ESP"]
[SourceTitle "Ajedrez en Madrid"]
[Source "lmi"]
[SourceDate "2013.07.13"]
[SourceVersion "1"]
[SourceVersionDate "2019.06.21"]
[SourceQuality "1"]

1. d4 Nf6 2. c4 c5 3. Nf3 cxd4 4. Nxd4 Nc6 5. Nc3 g6 6. e4 Bg7 7. Be3 Ng4 8.
Qxg4 Nxd4 9. Bd3 d5 10. Qd1 dxe4 11. Bxe4 O-O 12. Bd5 Nf5 13. Qb3 Nxe3 14. fxe3
e6 15. Be4 Bxc3+ 16. Qxc3 Qh4+ 17. Ke2 Qxe4 18. Rag1 Qg4+ 19. Kd2 Rd8+ 20. Kc1
Bd7 21. h4 Rac8 22. b3 h5 23. Rh3 b5 24. c5 b4 25. Qd4 Qxd4 26. exd4 e5 27. Rd3
Bf5 28. Rd2 exd4 29. Re1 Rxc5+ 30. Kb2 d3 31. Re7 Rc2+ 32. Rxc2 dxc2 0-1

[Event "15. Obert Int. Sant Martí 2013 - B"]
[Site "Barcelona ESP"]
[Date "2013.07.14"]
[Round "2.68"]
[White "Roig Martinez, Cristina"]
[Black "Calbet Freixanet, Eduard"]
[Result "1-0"]
[WhiteElo "1476"]
[BlackElo "1676"]
[PlyCount "77"]
[EventDate "2013.07.13"]
[EventType "swiss"]
[EventRounds "9"]
[EventCountry "ESP"]
[SourceTitle "Ajedrez en Madrid"]
[Source "lmi"]
[SourceDate "2013.07.13"]
[SourceVersion "1"]
[SourceVersionDate "2019.06.21"]
[SourceQuality "1"]

1. e4 e6 2. Nf3 d5 3. e5 c5 4. c3 Nc6 5. d4 Qb6 6. Be2 cxd4 7. cxd4 f6 8. O-O
fxe5 9. dxe5 Nge7 10. b3 Ng6 11. Bb2 Qc7 12. Bb5 Bd7 13. Bxc6 Bxc6 14. Ng5 Bd7
15. Qh5 Qc2 16. Bd4 O-O-O 17. Nf7 Bb5 18. Re1 Bb4 19. Nc3 Nf4 20. Rac1 Qxc1 21.
Rxc1 Nxh5 22. Nxb5+ Kb8 23. Nxh8 Rxh8 24. Bxa7+ Ka8 25. Bb6 Nf4 26. Rc7 Nd3 27.
Rxg7 Rc8 28. h3 Nxe5 29. Nc7+ Kb8 30. Nxe6 Bd6 31. Be3 b6 32. Bf4 Ka8 33. Rxh7
Rc2 34. Rh8+ Ka7 35. Rh5 Re2 36. Kf1 Nd3 37. Kxe2 Nxf4+ 38. Nxf4 Bxf4 39. Rxd5
1-0

[Event "15. Obert Int. Sant Martí 2013 - B"]
[Site "Barcelona ESP"]
[Date "2013.07.14"]
[Round "2.69"]
[White "Demestres Lopez, Ricard"]
[Black "Maria Oproae, Alex"]
[Result "1/2-1/2"]
[WhiteElo "1668"]
[BlackElo "1415"]
[PlyCount "116"]
[EventDate "2013.07.13"]
[EventType "swiss"]
[EventRounds "9"]
[EventCountry "ESP"]
[SourceTitle "Ajedrez en Madrid"]
[Source "lmi"]
[SourceDate "2013.07.13"]
[SourceVersion "1"]
[SourceVersionDate "2019.06.21"]
[SourceQuality "1"]

1. e4 c5 2. Nf3 Nc6 3. c3 Nf6 4. e5 Nd5 5. Bb5 d6 6. Bxc6+ bxc6 7. h3 Bf5 8.
O-O dxe5 9. Nxe5 Qc7 10. Re1 f6 11. Nf3 e5 12. d3 Be7 13. Nh4 Be6 14. c4 Nb6
15. Nc3 Rd8 16. Qh5+ Bf7 17. Qe2 Qd7 18. Rd1 g5 19. Nf3 Rg8 20. Bxg5 h6 21.
Nxe5 fxe5 22. Bxe7 Qxe7 23. Qf3 Qe6 24. Ne4 Nd7 25. Rd2 Bg6 26. Re1 Bxe4 27.
Rxe4 Qf7 28. Qxf7+ Kxf7 29. f4 Rde8 30. f5 Nf6 31. Re3 Re7 32. Rde2 Rge8 33. g4
e4 34. dxe4 Rxe4 35. Rxe4 Rxe4 36. Rxe4 Nxe4 37. b3 Nc3 38. a4 Ne2+ 39. Kf2 Nc1
40. h4 Nxb3 41. Ke3 Nd4 42. Ke4 Kf6 43. Kf4 Ne2+ 44. Ke3 Nc3 45. a5 Nd1+ 46.
Kf4 Nb2 47. g5+ hxg5+ 48. hxg5+ Kf7 49. Ke4 Nxc4 50. a6 Nd2+ 51. Kd3 Nb3 52.
Kc4 Nd4 53. Kxc5 Nxf5 54. Kxc6 Ne7+ 55. Kb7 Nd5 56. Kxa7 Nc7 57. Kb7 Nxa6 58.
Kxa6 Kg6 1/2-1/2

[Event "15. Obert Int. Sant Martí 2013 - B"]
[Site "Barcelona ESP"]
[Date "2013.07.14"]
[Round "2.70"]
[White "Sogues Tena, Pilar"]
[Black "Serentill Tost, Eduard"]
[Result "0-1"]
[WhiteElo "1455"]
[BlackElo "1665"]
[PlyCount "124"]
[EventDate "2013.07.13"]
[EventType "swiss"]
[EventRounds "9"]
[EventCountry "ESP"]
[SourceTitle "Ajedrez en Madrid"]
[Source "lmi"]
[SourceDate "2013.07.13"]
[SourceVersion "1"]
[SourceVersionDate "2019.06.21"]
[SourceQuality "1"]

1. e4 e6 2. d4 d5 3. exd5 exd5 4. c3 Bd6 5. Nf3 Nf6 6. Bg5 Nbd7 7. Bd3 c6 8.
O-O O-O 9. Nbd2 Qc7 10. h3 b6 11. Qc2 h6 12. Bh4 c5 13. Rac1 c4 14. Bf5 Bb7 15.
Bxd7 Nxd7 16. Rce1 Rfe8 17. Qf5 Nf8 18. Rxe8 Rxe8 19. Re1 Rxe1+ 20. Nxe1 Ng6
21. Nef3 Bf4 22. Qg4 Bc8 23. Qh5 Be6 24. Nf1 Ne7 25. Bxe7 Qxe7 26. Qh4 Qxh4 27.
Nxh4 Bc1 28. b3 cxb3 29. axb3 Bb2 30. Nf3 Bxc3 31. Ne3 a5 32. Kf1 b5 33. Ke2 a4
34. bxa4 bxa4 35. Kd3 Bb4 36. Kc2 Kf8 37. Kb2 Ke7 38. Nc2 Bd6 39. Na3 Bd7 40.
g4 g6 41. Ne5 Bxe5 42. dxe5 Ke6 43. f4 g5 44. fxg5 hxg5 45. Kc3 Kxe5 46. Kd3 f5
47. Ke3 fxg4 48. hxg4 Bxg4 49. Nc2 Bf5 50. Nd4 a3 51. Nf3+ Kd6 52. Nd4 a2 53.
Nb3 Ke5 54. Na1 d4+ 55. Ke2 Ke4 56. Kd2 g4 57. Nc2 g3 58. Ke1 d3 59. Na1 d2+
60. Kxd2 g2 61. Kc2 g1=Q 62. Kb2 Qb1+ 0-1

[Event "15. Obert Int. Sant Martí 2013 - B"]
[Site "Barcelona ESP"]
[Date "2013.07.14"]
[Round "2.71"]
[White "Petit Montes, Marc"]
[Black "Tateo, Ida"]
[Result "1-0"]
[WhiteElo "1656"]
[BlackElo "1387"]
[PlyCount "91"]
[EventDate "2013.07.13"]
[EventType "swiss"]
[EventRounds "9"]
[EventCountry "ESP"]
[SourceTitle "Ajedrez en Madrid"]
[Source "lmi"]
[SourceDate "2013.07.13"]
[SourceVersion "1"]
[SourceVersionDate "2019.06.21"]
[SourceQuality "1"]

1. e4 c5 2. Nf3 d6 3. d4 cxd4 4. Nxd4 Nf6 5. Nc3 e6 6. Be3 Be7 7. Be2 Nc6 8. f4
a6 9. O-O Qc7 10. Bf3 Bd7 11. Qd2 Rc8 12. Rac1 Nxd4 13. Bxd4 Bc6 14. e5 Bxf3
15. Rxf3 dxe5 16. fxe5 Nd7 17. Rcf1 O-O 18. Rg3 Bc5 19. Ne4 Bxd4+ 20. Qxd4 Kh8
21. Nd6 Qc5 22. Qxc5 Rxc5 23. Nxf7+ Kg8 24. Nh6+ Kh8 25. Rxf8+ Nxf8 26. Rf3
gxh6 27. Rxf8+ Kg7 28. Rb8 Rxe5 29. Rxb7+ Kg6 30. Kf2 Rf5+ 31. Ke3 Re5+ 32. Kd3
Rg5 33. Rb8 Kf5 34. Rf8+ Ke5 35. g3 Kd5 36. Ra8 Rf5 37. Rxa6 Rf3+ 38. Ke2 Rf6
39. Ra7 e5 40. Rxh7 e4 41. Rd7+ Ke5 42. c4 Rc6 43. b3 h5 44. Rd5+ Kf6 45. Rxh5
Rd6 46. Rh6+ 1-0

[Event "15. Obert Int. Sant Martí 2013 - B"]
[Site "Barcelona ESP"]
[Date "2013.07.14"]
[Round "2.72"]
[White "Catala Morales, Joaquim"]
[Black "Poyato Duran, David"]
[Result "0-1"]
[WhiteElo "1413"]
[BlackElo "1656"]
[PlyCount "56"]
[EventDate "2013.07.13"]
[EventType "swiss"]
[EventRounds "9"]
[EventCountry "ESP"]
[SourceTitle "Ajedrez en Madrid"]
[Source "lmi"]
[SourceDate "2013.07.13"]
[SourceVersion "1"]
[SourceVersionDate "2019.06.21"]
[SourceQuality "1"]

1. e4 e5 2. Nf3 Nc6 3. Bb5 a6 4. Ba4 b5 5. Bb3 Nf6 6. O-O Bc5 7. c3 Nxe4 8. d4
exd4 9. Re1 d5 10. cxd4 Bb4 11. Nc3 Bxc3 12. bxc3 O-O 13. Bb2 Bg4 14. Qd3 Re8
15. Bc1 Qd7 16. Bc2 Qf5 17. h3 Bxf3 18. Qxf3 Qxf3 19. gxf3 Nxc3 20. Be3 Re7 21.
a3 Rae8 22. Rac1 Nxd4 23. Bxh7+ Kxh7 24. Rxc3 Nxf3+ 25. Kf1 Nxe1 26. Kxe1 d4
27. Rc6 a5 28. h4 dxe3 0-1

[Event "15. Obert Int. Sant Martí 2013 - B"]
[Site "Barcelona ESP"]
[Date "2013.07.14"]
[Round "2.73"]
[White "Velasco Rebezon, Daniela"]
[Black "Orts Gonzalez, Rafael"]
[Result "1-0"]
[WhiteElo "1651"]
[BlackElo "1269"]
[PlyCount "93"]
[EventDate "2013.07.13"]
[EventType "swiss"]
[EventRounds "9"]
[EventCountry "ESP"]
[SourceTitle "Ajedrez en Madrid"]
[Source "lmi"]
[SourceDate "2013.07.13"]
[SourceVersion "1"]
[SourceVersionDate "2019.06.21"]
[SourceQuality "1"]

1. d4 d5 2. e3 a6 3. Bd3 e6 4. Nd2 Be7 5. f4 Nf6 6. Ngf3 Ng4 7. Qe2 Bh4+ 8. g3
Bf6 9. Ne5 Nxe5 10. fxe5 Be7 11. O-O O-O 12. c3 c5 13. Qh5 h6 14. Rf4 Qe8 15.
Qh3 Bg5 16. Rf3 c4 17. Bc2 Nd7 18. Qg2 f6 19. h4 Qh5 20. hxg5 hxg5 21. exf6
Nxf6 22. Qh2 Qxh2+ 23. Kxh2 Ng4+ 24. Kg2 Bd7 25. Rxf8+ Rxf8 26. Nf3 Rf6 27. Bd2
g6 28. Rf1 Kg7 29. Nxg5 Rxf1 30. Kxf1 Nh2+ 31. Kg2 Ng4 32. Nf3 Kf6 33. e4 dxe4
34. Bxe4 Bc6 35. Bg5+ Kg7 36. Bxc6 bxc6 37. Ne5 Nxe5 38. dxe5 c5 39. Be7 Kh6
40. Bxc5 Kg5 41. Kf3 Kf5 42. Bd6 Kg5 43. b3 cxb3 44. axb3 Kh5 45. c4 g5 46. c5
g4+ 47. Kf4 1-0

[Event "15. Obert Int. Sant Martí 2013 - B"]
[Site "Barcelona ESP"]
[Date "2013.07.14"]
[Round "2.76"]
[White "Antequera Garcia, Luis"]
[Black "Argemi Camp, Jaume"]
[Result "0-1"]
[WhiteElo "1310"]
[BlackElo "1639"]
[PlyCount "74"]
[EventDate "2013.07.13"]
[EventType "swiss"]
[EventRounds "9"]
[EventCountry "ESP"]
[SourceTitle "Ajedrez en Madrid"]
[Source "lmi"]
[SourceDate "2013.07.13"]
[SourceVersion "1"]
[SourceVersionDate "2019.06.21"]
[SourceQuality "1"]

1. e4 e5 2. Nf3 d6 3. Nc3 g6 4. Bc4 Bg7 5. O-O c6 6. d4 exd4 7. Nxd4 a5 8. Bf4
Qf6 9. Be3 Nd7 10. Qd2 Qd8 11. Bf4 Ne5 12. Bb3 Nf6 13. a4 O-O 14. Rad1 Bg4 15.
f3 Bc8 16. Qe3 Nh5 17. Bh6 Qb6 18. Bxg7 Kxg7 19. f4 Nd7 20. Qf3 Ndf6 21. Qf2
Qd8 22. e5 Ng4 23. Qe1 d5 24. Nce2 Ne3 25. Ng3 Nxg3 26. Qxg3 Nxd1 27. Rxd1 h5
28. h4 Qb6 29. Kh2 Bg4 30. Rd2 Rae8 31. Qf2 Qc7 32. c3 f6 33. Nf3 fxe5 34. g3
Bxf3 35. Qxf3 exf4 36. Rg2 Re3 37. Qf2 fxg3+ 0-1

[Event "15. Obert Int. Sant Martí 2013 - B"]
[Site "Barcelona ESP"]
[Date "2013.07.14"]
[Round "2.77"]
[White "Bernat Mor, Juli"]
[Black "Ballve Monte, Antoni"]
[Result "1/2-1/2"]
[WhiteElo "1249"]
[BlackElo "1638"]
[PlyCount "110"]
[EventDate "2013.07.13"]
[EventType "swiss"]
[EventRounds "9"]
[EventCountry "ESP"]
[SourceTitle "Ajedrez en Madrid"]
[Source "lmi"]
[SourceDate "2013.07.13"]
[SourceVersion "1"]
[SourceVersionDate "2019.06.21"]
[SourceQuality "1"]

1. e4 e5 2. Nf3 Nc6 3. Nc3 Nf6 4. d4 Bb4 5. dxe5 Nxe4 6. Bd2 Nxd2 7. Qxd2 Qe7
8. O-O-O b6 9. a3 Bxa3 10. Nd5 Bxb2+ 11. Kxb2 Qd8 12. Qf4 O-O 13. Nf6+ Kh8 14.
Qh4 h6 15. g4 Nxe5 16. Nxe5 Qxf6 17. Qxf6 gxf6 18. Nf3 d6 19. h3 a5 20. Rg1 Bb7
21. Nd4 c5 22. Nf5 d5 23. Bg2 Rad8 24. Nxh6 b5 25. Bf3 b4 26. Ra1 Ra8 27. Rgd1
Kh7 28. Bxd5 Bxd5 29. Rxd5 Kxh6 30. Rh5+ Kg6 31. Rxc5 Rh8 32. Raxa5 Rxa5 33.
Rxa5 Rxh3 34. Ra8 Rf3 35. Rg8+ Kh7 36. Rb8 Rf4 37. f3 f5 38. gxf5 Rxf3 39. Rxb4
Rxf5 40. c4 Rf2+ 41. Kb3 Rf3+ 42. Ka4 Rc3 43. Kb5 f5 44. c5 Re3 45. Kb6 Re4 46.
Rb5 f4 47. c6 f3 48. c7 f2 49. Rf5 Rb4+ 50. Kc6 Rc4+ 51. Kb7 Rb4+ 52. Kc8 Rb2
53. Kd7 Rd2+ 54. Kc6 Rc2+ 55. Kd6 Rd2+ 1/2-1/2

[Event "15. Obert Int. Sant Martí 2013 - B"]
[Site "Barcelona ESP"]
[Date "2013.07.15"]
[Round "3.1"]
[White "Perez Garcia, Jose Miguel"]
[Black "Esteban Lupianez, Jose Miguel"]
[Result "1/2-1/2"]
[WhiteElo "1950"]
[BlackElo "1788"]
[PlyCount "140"]
[EventDate "2013.07.13"]
[EventType "swiss"]
[EventRounds "9"]
[EventCountry "ESP"]
[SourceTitle "Ajedrez en Madrid"]
[Source "lmi"]
[SourceDate "2013.07.13"]
[SourceVersion "1"]
[SourceVersionDate "2019.06.21"]
[SourceQuality "1"]

1. d4 d5 2. Nf3 g6 3. g3 Nf6 4. Bg2 Bg7 5. O-O O-O 6. b3 Bd7 7. Bb2 c6 8. Nbd2
Qc8 9. c4 Bh3 10. cxd5 Bxg2 11. Kxg2 cxd5 12. Rc1 Nc6 13. Ne5 Qe6 14. Nxc6 bxc6
15. e3 Nd7 16. Ba3 a5 17. h3 Rfc8 18. Qc2 f5 19. Nf3 h6 20. h4 Qe4 21. Qxe4
fxe4 22. Ne5 Nxe5 23. dxe5 Kf7 24. f4 exf3+ 25. Rxf3+ Ke6 26. Rf4 Bxe5 27. Rg4
Kf5 28. Kh3 Kf6 29. Rf1+ Kg7 30. Bxe7 Re8 31. Bc5 h5 32. Ra4 Reb8 33. Rd1 Kf6
34. Bd4 Rb4 35. Rc1 Ra6 36. Rf1+ Ke6 37. Bc5 Rxa4 38. bxa4 Ra8 39. Rb1 Rb8 40.
Rxb8 Bxb8 41. Bb6 Ke5 42. Bxa5 Ba7 43. Bd2 Ke4 44. a5 c5 45. Kg2 Kd3 46. Bc1 c4
47. Kf3 Bc5 48. a6 c3 49. a4 Kc2 50. Ba3 Bxa3 51. a7 Kb1 52. a8=Q c2 53. Qb7+
Bb2 54. Qxd5 c1=Q 55. Qd3+ Ka1 56. Ke2 Qc6 57. Qd1+ Ka2 58. Kf2 Ka3 59. Kg1
Qxa4 60. Qd3+ Qb3 61. Qa6+ Kb4 62. Qd6+ Kc3 63. Qc5+ Kd2 64. Kf2 Qd3 65. Qa5+
Kd1 66. Qa4+ Qc2+ 67. Qxc2+ Kxc2 68. Kf3 Kd3 69. g4 Bf6 70. gxh5 gxh5 1/2-1/2

[Event "15. Obert Int. Sant Martí 2013 - B"]
[Site "Barcelona ESP"]
[Date "2013.07.15"]
[Round "3.3"]
[White "Corominas Garrido, Antonio"]
[Black "Catalan Escale, Enric"]
[Result "1/2-1/2"]
[WhiteElo "1807"]
[BlackElo "1988"]
[PlyCount "27"]
[EventDate "2013.07.13"]
[EventType "swiss"]
[EventRounds "9"]
[EventCountry "ESP"]
[SourceTitle "Ajedrez en Madrid"]
[Source "lmi"]
[SourceDate "2013.07.13"]
[SourceVersion "1"]
[SourceVersionDate "2019.06.21"]
[SourceQuality "1"]

1. c4 e5 2. Nc3 Nc6 3. g3 g6 4. Bg2 Bg7 5. d3 d6 6. Nf3 f5 7. e3 Nf6 8. O-O O-O
9. a3 h6 10. b4 a6 11. Rb1 g5 12. h3 Rb8 13. Nh2 Ne7 14. f4 1/2-1/2

[Event "15. Obert Int. Sant Martí 2013 - B"]
[Site "Barcelona ESP"]
[Date "2013.07.15"]
[Round "3.4"]
[White "Walter Travella, German"]
[Black "Albert Cristobal, Jorge"]
[Result "1-0"]
[WhiteElo "1973"]
[BlackElo "1802"]
[PlyCount "103"]
[EventDate "2013.07.13"]
[EventType "swiss"]
[EventRounds "9"]
[EventCountry "ESP"]
[SourceTitle "Ajedrez en Madrid"]
[Source "lmi"]
[SourceDate "2013.07.13"]
[SourceVersion "1"]
[SourceVersionDate "2019.06.21"]
[SourceQuality "1"]

1. d4 Nf6 2. Nc3 d5 3. Bg5 e6 4. e3 Be7 5. Bd3 c5 6. dxc5 Bxc5 7. Nf3 Nbd7 8.
O-O O-O 9. e4 Be7 10. exd5 Nxd5 11. Bxe7 Nxe7 12. Ne4 Nd5 13. c4 N7f6 14. Nc3
Ne7 15. Ne5 Nc6 16. Nxc6 bxc6 17. c5 Rb8 18. b3 Qc7 19. f4 Rd8 20. Qc2 g6 21.
Rad1 Bb7 22. b4 Qe7 23. Qe2 a5 24. a3 axb4 25. axb4 Ba8 26. Na2 Nd5 27. Rc1
Nxb4 28. Nxb4 Rxb4 29. f5 Qd7 30. fxe6 Qxe6 31. Qxe6 fxe6 32. Bc4 Rb2 33. Bxe6+
Kh8 34. Rf7 Bb7 35. Rcf1 Ba6 36. Ra1 Bb5 37. h4 Re2 38. Bh3 Bc4 39. Rc7 Bd5 40.
Raa7 Rde8 41. Rxh7+ Kg8 42. Rag7+ Kf8 43. Rxg6 Be4 44. Rh8+ Kf7 45. Rxe8 Kxe8
46. Re6+ Kf7 47. Kf1 Rxg2 48. Bxg2 Bxg2+ 49. Kxg2 Kxe6 50. Kf3 Kf5 51. h5 Kg5
52. Ke4 1-0

[Event "15. Obert Int. Sant Martí 2013 - B"]
[Site "Barcelona ESP"]
[Date "2013.07.15"]
[Round "3.5"]
[White "Millan Hernandez, Marc"]
[Black "Aguilera Bonaque, Juan Carlos"]
[Result "0-1"]
[WhiteElo "1806"]
[BlackElo "1957"]
[PlyCount "106"]
[EventDate "2013.07.13"]
[EventType "swiss"]
[EventRounds "9"]
[EventCountry "ESP"]
[SourceTitle "Ajedrez en Madrid"]
[Source "lmi"]
[SourceDate "2013.07.13"]
[SourceVersion "1"]
[SourceVersionDate "2019.06.21"]
[SourceQuality "1"]

1. e4 c5 2. Nf3 Nc6 3. d4 cxd4 4. Nxd4 e6 5. Nc3 Nf6 6. Ndb5 Bb4 7. a3 Bxc3+ 8.
Nxc3 O-O 9. Bg5 h6 10. Bh4 g5 11. Bg3 e5 12. Qd6 Re8 13. Nd5 Re6 14. Nxf6+ Qxf6
15. Qd2 Rd6 16. Bd3 b6 17. Qe3 Nd4 18. O-O-O Rc6 19. h4 g4 20. h5 Qe6 21. Kb1
d6 22. f3 Qf6 23. fxg4 Bxg4 24. Rdf1 Qg5 25. Bf4 exf4 26. Qxd4 Rd8 27. Bc4 Qe5
28. Qd3 Rdc8 29. Bb3 Be6 30. Rh4 Bxb3 31. cxb3 Rc2 32. Rg4+ Kf8 33. Qxc2 Rxc2
34. Kxc2 Qxe4+ 35. Kd1 Qd3+ 36. Ke1 Qe3+ 37. Kd1 Qxb3+ 38. Ke1 Qe3+ 39. Kd1
Qd3+ 40. Ke1 Qe3+ 41. Kd1 Qb3+ 42. Ke1 Qxb2 43. Rgxf4 Qxa3 44. Rxf7+ Ke8 45.
Rc7 Qa5+ 46. Kf2 Kd8 47. Rb7 Qc5+ 48. Kg3 Qe5+ 49. Kh4 Qe4+ 50. Kg3 Qxb7 51.
Rf8+ Ke7 52. Rh8 Qe4 53. Rxh6 Qe3+ 0-1

[Event "15. Obert Int. Sant Martí 2013 - B"]
[Site "Barcelona ESP"]
[Date "2013.07.15"]
[Round "3.6"]
[White "Roig Ruiz, Carles"]
[Black "Iglesias Garcia, Jorge"]
[Result "0-1"]
[WhiteElo "1798"]
[BlackElo "1956"]
[PlyCount "82"]
[EventDate "2013.07.13"]
[EventType "swiss"]
[EventRounds "9"]
[EventCountry "ESP"]
[SourceTitle "Ajedrez en Madrid"]
[Source "lmi"]
[SourceDate "2013.07.13"]
[SourceVersion "1"]
[SourceVersionDate "2019.06.21"]
[SourceQuality "1"]

1. d4 Nf6 2. c4 e6 3. Nc3 d5 4. Nf3 c6 5. Bg5 Nbd7 6. e3 Be7 7. Rc1 h6 8. Bh4
O-O 9. Bd3 dxc4 10. Bxc4 b5 11. Bd3 Bb7 12. e4 Nxe4 13. Nxe4 Bxh4 14. Nxh4 Qxh4
15. Nd6 Rab8 16. O-O Ba8 17. Re1 Nf6 18. g3 Qh3 19. f3 Rbd8 20. Bf1 Qh5 21. Rc5
Rxd6 22. Rxh5 Nxh5 23. Qe2 Nf6 24. Qe5 Rfd8 25. Rd1 Ne8 26. b4 Rd5 27. Qe3 Nd6
28. g4 e5 29. f4 e4 30. Qa3 Nc8 31. Qc3 Bb7 32. Kf2 Re8 33. Ke3 Nb6 34. Rd2 Rf5
35. Qc1 Nd5+ 36. Ke2 Rxf4 37. h3 e3 38. Rd3 Rf6 39. Ke1 Nf4 40. Qc5 e2 41. Rf3
Nd3+ 0-1

[Event "15. Obert Int. Sant Martí 2013 - B"]
[Site "Barcelona ESP"]
[Date "2013.07.15"]
[Round "3.7"]
[White "Monteagudo Aguilera, Maximo"]
[Black "Moreno Perez, Norberto"]
[Result "0-1"]
[WhiteElo "1779"]
[BlackElo "1920"]
[PlyCount "62"]
[EventDate "2013.07.13"]
[EventType "swiss"]
[EventRounds "9"]
[EventCountry "ESP"]
[SourceTitle "Ajedrez en Madrid"]
[Source "lmi"]
[SourceDate "2013.07.13"]
[SourceVersion "1"]
[SourceVersionDate "2019.06.21"]
[SourceQuality "1"]

1. e4 e5 2. Nf3 Nc6 3. Bc4 Be7 4. O-O d6 5. h3 Nf6 6. Re1 O-O 7. c3 a6 8. d4
exd4 9. cxd4 d5 10. exd5 Nxd5 11. Nc3 Nxc3 12. bxc3 Bd6 13. Bg5 Qd7 14. a4 h6
15. Bh4 Qf5 16. Bd3 Qa5 17. d5 Nd8 18. c4 Qc5 19. Nd2 f5 20. Nb3 Qb4 21. Qc2
Bd7 22. Nd4 c6 23. Nxf5 Bxf5 24. Bxf5 cxd5 25. Bxd8 Raxd8 26. Be6+ Kh8 27. Bxd5
Rde8 28. Reb1 Qa5 29. Bxb7 Qe5 30. g3 Bc5 31. Bg2 Rxf2 0-1